|
|
|
|
| LEADER |
00743nab a2200181 i 4500 |
| 001 |
misc28079 |
| 005 |
20191108150142.0 |
| 008 |
171017s1953 hu o 0|| zxx d |
| 040 |
|
|
|a SZTE Miscellanea Repozitórium
|b hun
|
| 041 |
|
|
|a zxx
|
| 100 |
1 |
|
|a Sávay Gyula
|
| 245 |
1 |
3 |
|a Az érző és vegetativ [!vegetatív] ganglionok nem-specificus [!nem-specifikus] esterase [!észteráz] activitása [!aktivitása]
|h [elektronikus dokumentum] /
|c Sávay Gyula
|
| 260 |
|
|
|c 1953
|
| 300 |
|
|
|a 1-7
|
| 490 |
0 |
|
|a Kolligátum
|
| 695 |
|
|
|a Idegrendszer - anatómia, Idegdúc - idegélettan, Szövettan, Hisztokémia - laboratóriumi technika
|
| 700 |
0 |
1 |
|a Csillik Bertalan
|e aut
|
| 856 |
4 |
0 |
|u http://misc.bibl.u-szeged.hu/28079/1/018_021_152-158.pdf
|z Dokumentum-elérés
|